2023 World Cup - Lionesses Squad - Statistics

General Stats
  • This quiz has been taken 806 times
  • The average score is 17 of 23
Answer Stats
Hint Answer % Correct
Goalkeeper Mary Earps
98%
Striker Alessia Russo
96%
Goalkeeper Hannah Hampton
95%
Midfielder Ella Toone
93%
Defender Lucy Bronze
93%
Defender/Captain Millie Bright
93%
Midfielder Kiera Walsh
87%
Striker Lauren James
86%
Midfielder Georgia Stanway
84%
Striker Lauren Hemp
84%
Defender Alex Greenwood
82%
Striker Chloe Kelly
79%
Defender Jess Carter
79%
Goalkeeper Ellie Roebuck
78%
Striker Rachel Daly
73%
Defender Lotte Wubben-Moy
70%
Striker Beth England
64%
Defender Niamh Charles
64%
Defender Esme Morgan
62%
Midfielder Jordan Nobbs
51%
Midfielder Katie Zelem
50%
Striker Katie Robinson
45%
Midfielder Laura Coombes
31%
No matching quizzes found
Score Distribution
Percent of People with Each Score
Percentile by Number Answered
Your Score History
You have not taken this quiz